| 000 | 00770cam a22002537a 4500 | ||
|---|---|---|---|
| 001 | 001095 | ||
| 003 | armpunfd | ||
| 005 | 20140612090630.0 | ||
| 008 | 020925e0####xx#a##########000#0#und#d | ||
| 040 |
_aarmpunfd _carmpunfd |
||
| 080 | _a340.12 F391 | ||
| 100 | 1 | 0 | _a Fernandez, Graciela ( Comp.) |
| 245 | 1 | 0 | _aEl otro puede tener razon : estudios sobre la racionalidad en filosofia y ciencia |
| 260 |
_a Ar Del Plata : Suarez _b2000. Isbn : 987-98402-1-9. 167P. |
||
| 650 | 7 |
_a Filosofia _2LEMB |
|
| 650 | 7 |
_a Racionalidad _2LEMB |
|
| 942 |
_cLB _2cdu |
||
| 945 |
_aCatalis _d2010-08-19 |
||
| 945 |
_aCatalis _d2010-08-19 |
||
| 945 |
_aCatalis _d2010-08-19 |
||
| 945 |
_aCatalis _d2010-08-19 |
||
| 945 |
_aCatalis _d2010-08-19 |
||
| 945 |
_aCatalis _d2010-08-19 |
||
| 999 |
_c1086 _d231590 |
||